[Event "Padova op-A 17th"]
[Site "Padova"]
[Date "2014.12.16"]
[Round "4.26"]
[White "Krumm, Johannes"]
[Black "Mileto, Gabriele"]
[Result "1-0"]
[WhiteElo "2014"]
[BlackElo "2175"]
[PlyCount "127"]
[EventDate "2014.12.14"]
[EventType "swiss"]
[EventRounds "9"]
[EventCountry "ITA"]
[SourceTitle "EXT 2024"]
[Source "ChessBase"]
[SourceDate "2023.10.10"]
[SourceVersion "1"]
[SourceVersionDate "2023.10.10"]
[SourceQuality "1"]

1. e4 c6 2. d4 d5 3. exd5 cxd5 4. Bd3 Nc6 5. c3 Qc7 6. Ne2 Nf6 7. Bf4 Qb6 8. Qb3 Qxb3 9. axb3 g6 10. Ng3 Bg7 11. b4 0-0 12. b5 Nd8 13. Be5 h5 14. 0-0 Ne6 15. Re1 h4 16. Nf1 Ng4 17. Bxg7 Kxg7 18. Ne3 Nf4 19. Bf1 Nf6 20. Nd2 g5 21. Ra4 a6 22. Rea1 Rb8 23. bxa6 bxa6 24. b4 Rb6 25. g3 Ng6 26. Bxa6 hxg3 27. hxg3 Bxa6 28. Rxa6 Rxa6 29. Rxa6 e6 30. f3 Rc8 31. Ra3 Nd7 32. c4 dxc4 33. Ndxc4 Rb8 34. Rb3 Ne7 35. b5 f5 36. f4 gxf4 37. gxf4 Ng6 38. Ne5 Ndxe5 39. fxe5 Ne7 40. Kf2 Rd8 41. Rb4 Kg6 42. Kf3 Kg5 43. Nc2 Rc8 44. Rb2 Nd5 45. Nb4 Rc3+ 46. Ke2 Rh3 47. Nd3 Nf4+ 48. Nxf4 Rh2+ 49. Kf3 Rxb2 50. Nxe6+ Kg6 51. Nc7 Rc2 52. Nd5 Kf7 53. Ne3 Rb2 54. Nxf5 Ke6 55. Ke4 Re2+ 56. Ne3 Kd7 57. Kd3 Re1 58. d5 Rb1 59. Kc4 Rc1+ 60. Kd4 Rb1 61. Kc5 Rc1+ 62. Nc4 Kc7 63. b6+ Kd7 64. e6+ 1-0

[Event "Teplice op 7th"]
[Site "Teplice"]
[Date "2012.06.19"]
[Round "4"]
[White "Krumm, Johannes"]
[Black "Vlasak, Lukas"]
[Result "1/2-1/2"]
[WhiteElo "2038"]
[BlackElo "2247"]
[PlyCount "63"]
[EventDate "2012.06.16"]
[EventType "swiss"]
[EventRounds "9"]
[EventCountry "CZE"]
[SourceTitle "CBM 149 Extra"]
[Source "ChessBase"]
[SourceDate "2012.08.24"]
[SourceVersion "1"]
[SourceVersionDate "2012.08.24"]
[SourceQuality "1"]

1. e4 c5 2. Nf3 d6 3. c3 Nf6 4. Be2 g6 5. 0-0 Bg7 6. h3 0-0 7. d3 b6 8. e5 Ne8 9. d4 Bb7 10. dxc5 bxc5 11. Qb3 Qb6 12. Bg5 Nc6 13. exd6 Nxd6 14. Rd1 Rfd8 15. Na3 Ne4 16. Be3 Na5 17. Qc2 Qe6 18. Qa4 Nc6 19. Bd3 Nd6 20. Bxc5 Ne5 21. Nxe5 Bxe5 22. Be3 Rdc8 23. Nc2 Bc6 24. Qh4 Bf6 25. Qg4 Qxg4 26. hxg4 a5 27. Rd2 Rab8 28. Nd4 Be4 29. Ba6 Bb7 30. Bd3 Be4 31. Ba6 Bb7 32. Bd3 1/2-1/2

[Event "Politiken Cup 31st"]
[Site "Helsingor"]
[Date "2009.07.24"]
[Round "8"]
[White "Krumm, Johannes"]
[Black "Nielsen, Jan Mose"]
[Result "0-1"]
[WhiteElo "2022"]
[BlackElo "2115"]
[PlyCount "88"]
[EventDate "2009.07.18"]
[EventType "swiss"]
[EventRounds "10"]
[EventCountry "DEN"]
[SourceTitle "CBM 131 Extra"]
[Source "ChessBase"]
[SourceDate "2009.09.03"]
[SourceVersion "2"]
[SourceVersionDate "2009.09.16"]
[SourceQuality "1"]

1. e4 e5 2. Nf3 Nc6 3. d4 exd4 4. Nxd4 Nf6 5. Nxc6 bxc6 6. e5 Qe7 7. Qe2 Nd5 8. c4 Nb6 9. b3 a5 10. Ba3 Qh4 11. Qe3 Bxa3 12. Nxa3 0-0 13. Bd3 Re8 14. 0-0 Qe7 15. Nc2 a4 16. Rae1 d5 17. Nd4 Qc5 18. b4 Qxb4 19. Nxc6 Qf8 20. cxd5 g6 21. d6 Be6 22. dxc7 Nd5 23. Qd4 Nxc7 24. Rc1 Bxa2 25. Qd6 Nd5 26. Bc4 Bxc4 27. Rxc4 Ne7 28. f4 Nxc6 29. Rxc6 Rec8 30. Qxf8+ Kxf8 31. Rxc8+ Rxc8 32. Ra1 Rc4 33. g3 Ke7 34. Kf2 Ke6 35. Ke3 h5 36. Kd3 Rb4 37. Kc3 Re4 38. Kd3 Kf5 39. h3 Rb4 40. Ke3 Rb3+ 41. Kf2 a3 42. Rc1 a2 43. Ra1 Ra3 44. Kg2 h4 0-1

[Event "Dresden ZMD op"]
[Site "Dresden"]
[Date "2008.07.26"]
[Round "8"]
[White "Krumm, Johannes"]
[Black "Pitschka, Claus"]
[Result "0-1"]
[WhiteElo "2066"]
[BlackElo "2301"]
[PlyCount "80"]
[EventDate "2008.07.19"]
[EventType "swiss"]
[EventRounds "9"]
[EventCountry "GER"]
[SourceTitle "CBM 125 Extra"]
[Source "ChessBase"]
[SourceDate "2008.09.01"]
[SourceVersion "1"]
[SourceVersionDate "2008.09.01"]
[SourceQuality "1"]

1. e4 e5 2. d4 exd4 3. Nf3 d6 4. Nxd4 Nf6 5. Nc3 Be7 6. Be2 0-0 7. 0-0 Re8 8. f4 Bf8 9. Bf3 c5 10. Ndb5 Nc6 11. a4 a6 12. Na3 Nd4 13. Nc4 d5 14. exd5 Bf5 15. Ne3 Rxe3 16. Bxe3 Nxc2 17. Qd2 Nxa1 18. Rxa1 Ng4 19. Bxg4 Bxg4 20. Ne4 c4 21. h3 Bf5 22. Qd4 Rc8 23. Nc3 Qd7 24. Qd1 Bb4 25. a5 Bd3 26. Qf3 Qd8 27. Bd4 Qd7 28. Rd1 Bxa5 29. Rxd3 cxd3 30. Ne4 d2 31. Bxg7 Kxg7 32. Qh5 Bd8 33. f5 Qxd5 34. f6+ Bxf6 35. Qxd5 Rc1+ 36. Kh2 d1Q 37. Qf5 Qg1+ 38. Kg3 Qd4 39. Qg4+ Kh8 40. Qf3 Be5+ 0-1

[Event "Dresden ZMD op"]
[Site "Dresden"]
[Date "2008.07.20"]
[Round "3"]
[White "Zeberski, Jakub"]
[Black "Krumm, Johannes"]
[Result "1-0"]
[WhiteElo "2396"]
[BlackElo "2066"]
[PlyCount "43"]
[EventDate "2008.07.19"]
[EventType "swiss"]
[EventRounds "9"]
[EventCountry "GER"]
[SourceTitle "CBM 125 Extra"]
[Source "ChessBase"]
[SourceDate "2008.09.01"]
[SourceVersion "1"]
[SourceVersionDate "2008.09.01"]
[SourceQuality "1"]

1. e4 c5 2. Nf3 Nc6 3. d4 cxd4 4. Nxd4 h6 5. c4 Nf6 6. Nc3 d6 7. Be2 a6 8. Be3 Bd7 9. 0-0 Ne5 10. f3 Rc8 11. Qb3 Qc7 12. Nd5 Qb8 13. Rac1 e6 14. Nxf6+ gxf6 15. f4 Nc6 16. Bh5 Na5 17. Qd3 Qc7 18. f5 e5 19. Ne6 Qc6 20. c5 Qb5 21. Qd5 dxc5 22. Nc7+ 1-0

[Event "Rhein Main op 11th"]
[Site "Bad Homburg"]
[Date "2008.05.25"]
[Round "7"]
[White "Krumm, Johannes"]
[Black "Drill, Frank J"]
[Result "0-1"]
[WhiteElo "2071"]
[BlackElo "2176"]
[PlyCount "36"]
[EventDate "2008.05.21"]
[EventType "swiss"]
[EventRounds "7"]
[EventCountry "GER"]
[SourceTitle "CBM 124 Extra"]
[Source "ChessBase"]
[SourceDate "2008.07.03"]
[SourceVersion "1"]
[SourceVersionDate "2008.07.03"]
[SourceQuality "1"]

1. e4 e5 2. Nf3 d6 3. d4 f5 4. dxe5 fxe4 5. Ng5 d5 6. e6 Nh6 7. Nxh7 Bxe6 8. Ng5 Qf6 9. Be2 Nc6 10. Nxe6 Qxe6 11. Bh5+ g6 12. Bxh6 Rxh6 13. Bg4 Qe5 14. c3 Bc5 15. g3 Ke7 16. Qe2 Rf8 17. 0-0 Rfh8 18. h3 Qxg3+ 0-1

[Event "Marianske Lazne op"]
[Site "Marianske Lazne"]
[Date "2008.01.20"]
[Round "2"]
[White "Krumm, Johannes"]
[Black "Hansen, Torbjorn Ringdal"]
[Result "0-1"]
[WhiteElo "2089"]
[BlackElo "2354"]
[PlyCount "56"]
[EventDate "2008.01.19"]
[EventType "swiss"]
[EventRounds "9"]
[EventCountry "CZE"]
[SourceTitle "CBM 122 Extra"]
[Source "ChessBase"]
[SourceDate "2008.03.04"]
[SourceVersion "1"]
[SourceVersionDate "2008.03.04"]
[SourceQuality "1"]

1. e4 c5 2. c3 b6 3. d4 Bb7 4. Bd3 cxd4 5. cxd4 Nc6 6. Nf3 Nb4 7. 0-0 Nxd3 8. Qxd3 Nf6 9. d5 g6 10. Nc3 d6 11. e5 dxe5 12. Nxe5 a6 13. d6 Bg7 14. Re1 0-0 15. dxe7 Qxe7 16. Bg5 Rfe8 17. Re2 Qc7 18. Rae1 Re6 19. Qc4 Rc8 20. Qh4 Rce8 21. Nc4 Rxe2 22. Rxe2 Rxe2 23. Nxe2 Ne4 24. b3 Qd7 25. Ng3 Qd5 26. Be3 Nxg3 27. f3 Qd1+ 28. Kf2 Nh1# 0-1

[Event "San Marino op"]
[Site "San Marino"]
[Date "1998.??.??"]
[Round "5"]
[White "Krumm, Johannes"]
[Black "Gaggiottini, Manfredo"]
[Result "0-1"]
[WhiteElo "2115"]
[BlackElo "2105"]
[PlyCount "127"]
[EventDate "1998.??.??"]
[EventType "swiss"]
[EventRounds "9"]
[EventCountry "SMR"]
[SourceTitle "EXT 2000"]
[Source "ChessBase"]
[SourceDate "1999.11.16"]
[SourceVersion "1"]
[SourceVersionDate "1999.11.16"]
[SourceQuality "1"]

1. e4 c6 2. d4 d5 3. exd5 cxd5 4. c4 Nf6 5. Nc3 e6 6. Nf3 Bb4 7. Qc2 Nc6 8. c5 b6 9. Bb5 Bxc3+ 10. Qxc3 Bd7 11. 0-0 Ne4 12. Qc2 bxc5 13. dxc5 Qf6 14. a3 g5 15. Bd3 g4 16. Bxe4 gxf3 17. Bxf3 Rg8 18. Kh1 Rb8 19. Rb1 Nd4 20. Qxh7 Ke7 21. Qh6 Qf5 22. Qf4 e5 23. Re1 Nxf3 24. Qxf3 Qxf3 25. gxf3 Kf6 26. f4 Bf5 27. fxe5+ Ke6 28. Bf4 Bxb1 29. Rxb1 Rgc8 30. Be3 Rb3 31. Kg2 Rg8+ 32. Kf1 Rh8 33. Bf4 Rc8 34. Be3 Kxe5 35. Rd1 Ke6 36. Bd4 Rh3 37. Re1+ Kd7 38. Re5 Kc6 39. Re7 Rc7 40. Rxc7+ Kxc7 41. Be5+ Kc6 42. Kg2 Rh5 43. Bd6 a5 44. b4 a4 45. Kf3 Rh4 46. Bf4 Rh8 47. Ke3 Re8+ 48. Kd3 Re1 49. h4 Ra1 50. h5 Rxa3+ 51. Kc2 Ra2+ 52. Kb1 Rxf2 53. Bc1 Rh2 54. h6 Kb5 55. Bf4 Rh4 56. Bd2 f5 57. Bg5 Rxb4+ 58. Ka2 Rg4 59. Bf6 Rg2+ 60. Ka3 Rg3+ 61. Ka2 Rh3 62. Bg5 Kxc5 63. Kb2 Kc6 64. Kc2 0-1

[Event "Oberliga Sued W 9697"]
[Site "Germany"]
[Date "1997.??.??"]
[Round "?"]
[White "Berresheim, Helmut"]
[Black "Krumm, Johannes"]
[Result "1-0"]
[WhiteElo "2280"]
[BlackElo "2170"]
[PlyCount "66"]
[EventDate "1996.10.??"]
[EventType "team"]
[EventRounds "9"]
[EventCountry "GER"]
[SourceTitle "EXT 2000"]
[Source "ChessBase"]
[SourceDate "1999.11.16"]
[SourceVersion "1"]
[SourceVersionDate "1999.11.16"]
[SourceQuality "1"]

1. d4 Nf6 2. c4 e5 3. dxe5 Ng4 4. Bf4 Nc6 5. Nf3 Bb4+ 6. Nbd2 Qe7 7. e3 Ngxe5 8. Nxe5 Nxe5 9. Be2 0-0 10. 0-0 Ng6 11. Bg3 Bxd2 12. Qxd2 d6 13. Qc3 Bf5 14. Rac1 b6 15. b4 a5 16. a3 axb4 17. axb4 Ra2 18. Bf3 Ne5 19. Bd5 c5 20. Rfd1 cxb4 21. Qxb4 Qf6 22. Qc3 Rc8 23. Qd4 Rc5 24. Ra1 Raa5 25. Rac1 h5 26. Bxe5 dxe5 27. Qb2 Qg6 28. Qxe5 Bg4 29. Qe8+ Kh7 30. Bxf7 Qf6 31. Rd8 Kh6 32. f4 g6 33. Rd6 Rxc4 1-0